[Event "CRO-chT3 South"]
[Site "Dubrovnik"]
[Date "2013.04.27"]
[Round "1.6"]
[White "Simunic, Neno"]
[Black "Margetic, Danijel"]
[Result "0-1"]
[WhiteElo "1771"]
[BlackElo "1824"]
[PlyCount "74"]
[EventDate "2013.04.27"]
[EventType "team-tourn"]
[EventRounds "7"]
[EventCountry "CRO"]
[SourceTitle "EXT 2014"]
[Source "ChessBase"]
[SourceDate "2013.11.20"]
[SourceVersion "1"]
[SourceVersionDate "2013.11.20"]
[SourceQuality "1"]
[WhiteTeam "Stobrec"]
[BlackTeam "Split Bacvice"]
[WhiteTeamCountry "CRO"]
[BlackTeamCountry "CRO"]

1. d4 d5 2. c4 e6 3. Nc3 c6 4. Nf3 Nf6 5. e3 Ne4 6. Qc2 f5 7. cxd5 exd5 8. a3 Bd6 9. b4 0-0 10. g3 b5 11. Ne5 Bxe5 12. dxe5 Qe7 13. Nxe4 fxe4 14. Bb2 a5 15. bxa5 Rxa5 16. Bg2 Bg4 17. 0-0 Ra4 18. Rac1 Rc4 19. Qb3 Be2 20. Rfe1 Rxc1 21. Rxc1 Bc4 22. Qc3 Na6 23. Bf1 Qf7 24. Rc2 Nc5 25. Bxc4 bxc4 26. e6 Nxe6 27. Qb4 Ng5 28. Qd6 Nf3+ 29. Kf1 Nxh2+ 30. Kg1 Nf3+ 31. Kf1 Qh5 32. Qe6+ Kh8 33. Rc1 c3 34. Qe7 Re8 35. Qb7 cxb2 36. Qxb2 Qh6 37. Qb7 Qh1+ 0-1

[Event "Split op 4th"]
[Site "Split"]
[Date "2010.05.05"]
[Round "6"]
[White "Liljak, Marin"]
[Black "Simunic, Neno"]
[Result "0-1"]
[WhiteElo "1564"]
[BlackElo "1732"]
[PlyCount "64"]
[EventDate "2010.04.30"]
[EventType "swiss"]
[EventRounds "9"]
[EventCountry "CRO"]
[SourceTitle "EXT 2011"]
[Source "ChessBase"]
[SourceDate "2010.11.26"]
[SourceVersion "1"]
[SourceVersionDate "2010.11.26"]
[SourceQuality "1"]

1. d4 Nf6 2. Nf3 e6 3. Bf4 c5 4. e3 Nc6 5. c3 d5 6. Nbd2 cxd4 7. exd4 Bd6 8. Ne5 a6 9. Bd3 Qc7 10. Ndf3 Nh5 11. Bg3 Nxg3 12. hxg3 Bxe5 13. dxe5 Nxe5 14. Nxe5 Qxe5+ 15. Qe2 Qxe2+ 16. Kxe2 h6 17. Rae1 Bd7 18. Kd2 Bc6 19. f3 0-0-0 20. Rh4 Rhe8 21. Rg4 g6 22. Rf4 Re7 23. Rg4 Kc7 24. Rh4 h5 25. Rf4 Kd6 26. Rb4 e5 27. Rh4 e4 28. fxe4 dxe4 29. Bc2 e3+ 30. Ke2 Kc7 31. Rd4 Rxd4 32. cxd4 Bxg2 0-1

[Event "Stobrec op"]
[Site "Stobrec"]
[Date "2008.07.27"]
[Round "2"]
[White "Juric Cvitanovic, Alen"]
[Black "Simunic, Neno"]
[Result "1-0"]
[WhiteElo "1842"]
[BlackElo "1706"]
[PlyCount "71"]
[EventDate "2008.07.26"]
[EventType "swiss"]
[EventRounds "7"]
[EventCountry "CRO"]
[SourceTitle "EXT 2009"]
[Source "ChessBase"]
[SourceDate "2008.11.26"]
[SourceVersion "1"]
[SourceVersionDate "2008.11.26"]
[SourceQuality "1"]

1. e4 c5 2. c3 Nf6 3. e5 Nd5 4. Nf3 Nc6 5. d4 cxd4 6. Bc4 e6 7. 0-0 Nb6 8. Bb3 dxc3 9. Nxc3 a6 10. Bf4 Be7 11. Ne4 0-0 12. Qe2 h6 13. Rfd1 f6 14. Bxe6+ Kh8 15. Bb3 fxe5 16. Nxe5 Nxe5 17. Bxe5 d5 18. Rac1 Qe8 19. Ng3 Bf6 20. Bxf6 gxf6 21. Qd2 Qg6 22. Qb4 Nd7 23. Bxd5 Re8 24. Be4 Qf7 25. Rc7 Qf8 26. Qd4 Ne5 27. f4 Bg4 28. Rf1 Rad8 29. Qc3 Nd7 30. h3 Be6 31. Bxb7 Bxa2 32. b3 Qg8 33. Bc6 Re7 34. Nf5 Rh7 35. Bxd7 Rhxd7 36. Qxf6+ 1-0

[Event "Stobrec op"]
[Site "Stobrec"]
[Date "2008.07.26"]
[Round "1"]
[White "Simunic, Neno"]
[Black "Klem, Davor"]
[Result "0-1"]
[WhiteElo "1706"]
[BlackElo "2126"]
[PlyCount "78"]
[EventDate "2008.07.26"]
[EventType "swiss"]
[EventRounds "7"]
[EventCountry "CRO"]
[SourceTitle "EXT 2009"]
[Source "ChessBase"]
[SourceDate "2008.11.26"]
[SourceVersion "1"]
[SourceVersionDate "2008.11.26"]
[SourceQuality "1"]

1. d4 Nc6 2. Nf3 d6 3. c4 Bg4 4. Nbd2 e5 5. d5 Nb8 6. Qb3 Qc8 7. h3 Bh5 8. e4 Be7 9. Qc2 Nd7 10. b4 a5 11. Ba3 axb4 12. Bxb4 Ngf6 13. Nh4 Nxd5 14. cxd5 Bxh4 15. Bb5 0-0 16. Rc1 Nc5 17. 0-0 Bg5 18. Bxc5 dxc5 19. Ra1 Bg6 20. Nc4 c6 21. dxc6 bxc6 22. Ba4 Qc7 23. Bb3 Kh8 24. Ne3 Rab8 25. Rad1 Rfd8 26. Nf5 Qb6 27. Nd6 Kg8 28. Qc4 Qb4 29. f3 Be3+ 30. Kh1 Bd4 31. Nf5 Kf8 32. Nxd4 Qxc4 33. Bxc4 cxd4 34. Rb1 f6 35. Kg1 Bf7 36. Bxf7 Kxf7 37. Kf2 c5 38. Rxb8 Rxb8 39. Rc1 Rb2+ 0-1

[Event "Stobrec Epetium op"]
[Site "Stobrec"]
[Date "2007.08.18"]
[Round "1"]
[White "Krnic, Ivan"]
[Black "Simunic, Neno"]
[Result "1-0"]
[WhiteElo "2133"]
[BlackElo "1706"]
[PlyCount "33"]
[EventDate "2007.08.18"]
[EventType "swiss"]
[EventRounds "7"]
[EventCountry "CRO"]
[SourceTitle "CBM 120 Extra"]
[Source "ChessBase"]
[SourceDate "2007.11.01"]
[SourceVersion "1"]
[SourceVersionDate "2007.11.01"]
[SourceQuality "1"]

1. e4 c5 2. Nf3 g6 3. c3 Bg7 4. Bc4 Nc6 5. d4 cxd4 6. cxd4 Qb6 7. e5 Qb4+ 8. Nbd2 d5 9. Bxd5 Nxd4 10. 0-0 e6 11. Bb3 Ne7 12. a3 Qc5 13. Ne4 Nxf3+ 14. Qxf3 Qxe5 15. Bf4 Qa5 16. Nd6+ Kf8 17. Bd2 1-0

[Event "Solin op"]
[Site "Solin"]
[Date "2007.01.22"]
[Round "3"]
[White "Amizic, Ivan"]
[Black "Simunic, Neno"]
[Result "1-0"]
[WhiteElo "1539"]
[BlackElo "1732"]
[PlyCount "57"]
[EventDate "2007.01.20"]
[EventType "swiss"]
[EventRounds "9"]
[EventCountry "CRO"]
[SourceTitle "CBM 116 Extra"]
[Source "ChessBase"]
[SourceDate "2007.03.07"]
[SourceVersion "1"]
[SourceVersionDate "2007.03.07"]
[SourceQuality "1"]

1. e4 Nf6 2. Nc3 d5 3. exd5 Nxd5 4. Nxd5 Qxd5 5. Qf3 Qxf3 6. Nxf3 Bf5 7. c3 Nd7 8. Bc4 e6 9. 0-0 Nb6 10. Bb3 Bd3 11. Re1 Bd6 12. a4 a5 13. Ne5 Bxe5 14. Rxe5 Nd7 15. Re3 Nc5 16. Bd1 Rd8 17. b4 axb4 18. cxb4 Na6 19. Ba3 b5 20. a5 0-0 21. Rc1 Rd7 22. Bf3 Bc4 23. h3 Rxd2 24. Rxc4 bxc4 25. b5 Nc5 26. Bxc5 Rb8 27. a6 Rxb5 28. a7 Ra2 29. Ra3 1-0